People, law, and justice : (Record no. 136765)

MARC details
000 -LEADER
fixed length control field 00645nam a22002057a 4500
010 ## - LIBRARY OF CONGRESS CONTROL NUMBER
LC control number A-899318
020 ## - INTERNATIONAL STANDARD BOOK NUMBER
International Standard Book Number 8125011919
035 ## - SYSTEM CONTROL NUMBER
System control number A-899318
037 ## - SOURCE OF ACQUISITION
Source of stock number/acquisition Cen Lib / Ret
040 ## - CATALOGING SOURCE
Original cataloging agency DPL
Language of cataloging En
082 ## - DEWEY DECIMAL CLASSIFICATION NUMBER
Classification number 340
Item number AHU
100 ## - MAIN ENTRY--PERSONAL NAME
Personal name Ahuja, Sangeeta
245 ## - TITLE STATEMENT
Title People, law, and justice :
Remainder of title a casebook of public-interest litigation /
Statement of responsibility, etc by Sangeeta Ahuja
260 ## - PUBLICATION, DISTRIBUTION, ETC. (IMPRINT)
Place of publication, distribution, etc New Delhi
Name of publisher, distributor, etc Orient Longman
Date of publication, distribution, etc 1997
270 ## - ADDRESS
Address 3-6, 272 Himayatnagar,
City Hyderabad
Postal code 500029
300 ## - PHYSICAL DESCRIPTION
Extent (v 2. 409-895p)
Other physical details 24cm
650 ## - SUBJECT ADDED ENTRY--TOPICAL TERM
Topical term or geographic name as entry element Public interest law -- India -- Cases.
650 ## - SUBJECT ADDED ENTRY--TOPICAL TERM
Topical term or geographic name as entry element Public interest law.
942 ## - ADDED ENTRY ELEMENTS (KOHA)
Source of classification or shelving scheme Dewey Decimal Classification
Koha item type English Books
Classification part 340
Call number suffix AHU
Holdings
Withdrawn status Lost status Source of classification or shelving scheme Materials specified (bound volume or other part) Damaged status Not for loan Home library Current library Date acquired Source of acquisition Total Checkouts Full call number Barcode Date last seen Date checked out Copy number Price effective from Koha item type
    Dewey Decimal Classification v 3     Central Library Central Library 09/03/2016 Cen Lib/Ret 3 340 AHU A-899318 16/02/2023 04/02/2023 1 09/03/2016 English Books

© Delhi Public Library
Hit Counter
free hit counter